Biblia és Korán ami összeköti és ami elválasztja őket
Elmentve itt :
| Szerző: | |
|---|---|
| További közreműködők: | |
| Adatforrás: | Philobibl |
| Dokumentumtípus: | Könyv |
| Nyelv: | magyar |
| Kulcsszavak: | vallásfilozófia teológia kereszténység iszlám Korán bibliakutatás |
| Megjelent: |
Budapest
Szt. István Társ.
2007
|
| LEADER | 00571nam a2200193 c 4500 | ||
|---|---|---|---|
| 001 | bibPHI0043164 | ||
| 005 | 20200924124923.1 | ||
| 008 | 070524s2007 hu b 00100 hun d | ||
| 100 | 1 | |a Gnilka, Joachim | |
| 245 | 1 | 0 | |a Biblia és Korán |b ami összeköti és ami elválasztja őket |c Joachim Gnilka ; [ford. Sasvári Györgyné] |
| 260 | |a Budapest |b Szt. István Társ. |c 2007 | ||
| 300 | |a 219 p. | ||
| 695 | |a vallásfilozófia | ||
| 695 | |a teológia | ||
| 695 | |a kereszténység | ||
| 695 | |a iszlám | ||
| 695 | |a Korán | ||
| 695 | |a bibliakutatás | ||
| 700 | 1 | |a Sasvári Györgyné | |